01286cam a2200313 i 450000100090000000300050000900500170001400800410003101000170007202000370008902000180012604000280014404200080017205000240018008200130020410000200021724503560023725000170059326000360061030000280064650000200067465000160069470000240071070000240073490600450075894200170080399900190082095201330083917964133PILC20151123161446.0131205s2015 nyu 001 0 eng  a 2013048330 a9780077862237 (alk. paper : hbk) a9781259095597 aDLCbengcDLCerdadDLC apcc00aHF 5636b.H693 201500a657/.0461 aHoyle, Joe Ben.10aFundamentals of advanced accounting /cJoe B. Hoyle, Associate Professor of Accounting, Robins School of Business, University of Richmond, Thomas F. Schaefer, KPMG Professor of Accountancy, Mendoza College of Business, University of Notre Dame, Timothy S. Doupnik, Professor of Accounting, Darla Moore School of Business, University of South Carolina. a6th edition. aNew York :bMcGraw Hill,c2015. axxi, 623 pages ;c29 cm aIncludes index. 0aAccounting.1 aSchaefer, Thomas F.1 aDoupnik, Timothy S. a7bcbccorignewd1eecipf20gy-gencatlg 2lcccBKkFOR c288977d288977 00102lcc40aCLbCLcRESd2015-11-23eLibrary Fundg3098.00l0oHF 5636 .H693 2015pC20294r2018-05-15 00:00:00w2015-11-23yBK